Les époux des souverains européens en 2000 - Statistiques

Statistiques générales
  • Ce quiz a été pris 11 fois
  • Le résultat moyen est 5 sur 10
Statistiques - réponses
Epoux/épouse Souverain/Souveraine % Correct
Philip Moutbatten Elisabeth II d'Angleterre
75%
Grace Kelly (+) Rainier III de Monaco
75%
Paola Ruffo di Calabria Albert II de Belgique
63%
Sonja Haraldsen Harald V de Norvège
63%
Sophie de Grèce Juan Carlos d'Espagne
63%
Claus von Amsberg Béatrix des Pays Bas
50%
Henri de Laborde de Monpezat Margrethe II de Danemark
50%
Marie Kinsky von Wichinitz und Tettau Hans-Adam II de Liechtenstein
38%
Sibia Sommerlath Charles XVI Gustave de Suède
25%
Joséphine-Charlotte de Belgique Jean de Luxembourg
25%
Aucun quiz correspondant
Distribution des résultats
% des personnes avec chaque résultat
Percentile par nombre de réponses
Votre historique - résultats
Vous n’avez pas pris ce quiz